Súčasné trendy vzdelávania detí so sluchovým postihnutím VI. surdopedické dni

Gespeichert in:
Bibliographische Detailangaben
Format: Buch
Sprache:Slowakisch
Veröffentlicht: Banská Bystrica : Metodické centrum, 2000
Ausgabe:1. vyd.
Schlagworte:
ISBN:8080413150
Online-Zugang: Volltext
Tags: Tag hinzufügen
Keine Tags, Fügen Sie den ersten Tag hinzu!

MARC

LEADER 00000nam a2200000 4500
003 SK-BrCVT
005 20230525121515.0
008 221214c2000 xo slo
020 |a 8080413150  |c 50.00 Sk 
035 |a CVTIDW0016209 
040 |a CVTISR  |c CVTISR  |e AACR2 
041 |a slo 
044 |a xo  |c SK 
245 0 |a Súčasné trendy vzdelávania detí so sluchovým postihnutím  |b VI. surdopedické dni 
250 |a 1. vyd. 
260 1 |a Banská Bystrica :  |b Metodické centrum,  |c 2000 
300 |a 82 s. 
655 4 |a odborné publikácie  |9 34859 
910 |a 2791  |b P000396 
919 |a 80-8041-315-0 
974 |a cvti cvti  |f Knihy neprofilové  |b cvti cvti 
992 |a AMG 
997 |h WINISIS 
999 |c 280690  |d 280690